Rating (Empty Properties) Bill 2006-07 (Record no. 106995)

MARC details
000 -LEADER
fixed length control field 01499cad a22002415a 4500
001 - CONTROL NUMBER
control field L138089
008 - FIXED-LENGTH DATA ELEMENTS--GENERAL INFORMATION
fixed length control field 070516s2007 xxk f l f000 0 eng d
035 ## - SYSTEM CONTROL NUMBER
System control number (Sirsi) u138089
041 0# - LANGUAGE CODE
Language code of text/sound track or separate title eng
110 2# - MAIN ENTRY--CORPORATE NAME
Corporate name or jurisdiction name as entry element United Kingdom
Subordinate unit Parliament
-- House of Commons
9 (RLIN) 2119
245 00 - TITLE STATEMENT
Title Rating (Empty Properties) Bill 2006-07
Medium [electronic resource]
260 ## - PUBLICATION, DISTRIBUTION, ETC.
Place of publication, distribution, etc. London
Name of publisher, distributor, etc. UK Parliament
Date of publication, distribution, etc. 2007
520 ## - SUMMARY, ETC.
Summary, etc. Legislation to give effect to the Government?s proposals to modernise empty property relief from business rates. Proposals flow from the conclusions of the Barker Review of Land-Use Planning and the Lyons Inquiry into Local Government, which recommended that Government makes better use of fiscal incentives to encourage more efficient use of urban land, in particular by reforming relief from business rates for empty commercial properties. The reforms are intended to enhance the supply of commercial property, reducing rents and improving access for new and existing firms.
590 ## - LOCAL NOTE (RLIN)
Local note KA NTK
650 24 - SUBJECT ADDED ENTRY--TOPICAL TERM
Topical term or geographic name entry element LYONS INQUIRY INTO LOCAL GOVERNMENT
650 24 - SUBJECT ADDED ENTRY--TOPICAL TERM
Topical term or geographic name entry element BARKER REVIEW OF LAND USE PLANNING
650 24 - SUBJECT ADDED ENTRY--TOPICAL TERM
Topical term or geographic name entry element RATING (EMPTY PROPERTIES) BILL 2006-07
650 24 - SUBJECT ADDED ENTRY--TOPICAL TERM
Topical term or geographic name entry element RATING (EMPTY PROPERTIES) ACT 2007
651 #4 - SUBJECT ADDED ENTRY--GEOGRAPHIC NAME
Geographic name England and Wales
Chronological subdivision 1543-
690 ## - LOCAL SUBJECT ADDED ENTRY--TOPICAL TERM (OCLC, RLIN)
Topical term or geographic name as entry element PROPERTY-COMMERCIAL PROPERTY-COMMERCIAL PROPERTY TAXATION-BUSINESS RATES
856 40 - ELECTRONIC LOCATION AND ACCESS
Uniform Resource Identifier <a href="https://www.publications.parliament.uk/pa/pabills/200607/rating_empty_properties.htm">https://www.publications.parliament.uk/pa/pabills/200607/rating_empty_properties.htm</a>
Public note View the item free of charge at www.parliament.uk...
942 ## - ADDED ENTRY ELEMENTS (KOHA)
Suppress in OPAC 0
Holdings
Withdrawn status Lost status Source of classification or shelving scheme Damaged status Not for loan Home library Current library Shelving location Date acquired Total Checkouts Full call number Barcode Date last seen Copy number Price effective from Koha item type
    Dewey Decimal Classification     Virtual Virtual Online 16/05/2007   ONLINE PUBLICATION 138089-2001 06/08/2019 1 06/08/2019 Book